000 01180 a2200265 4500
003 Nust
005 20170207154016.0
020 _a0-471-22463-4
020 _a978-0-471-22463-1
040 _cNust
082 0 _a621.367
245 0 0 _aImage databases-(E-BOOK)
_h[Elektronisk resurs]
_bsearch and retrieval of digital imagery /
_cedited by Vittorio Castelli, Lawrence D. Bergman
260 _aNew York :
_bWiley,
_ccop. 2002
300 _aPDF-fil (xvi, 589 s.)
500 _aE-bok
505 _aIntroduction - Selected Application - Storage And System Architecture - Indexing And Retrieval
520 _aThis title brings together acknowledged experts and researchers to discuss all aspects of image databases and the search engines used to retrieve image data from them. It covers architecture, indexing, retrieval, transmission and user interface issues
650 0 _aDatabase searching
650 0 _aImage processing
_xDigital techniques
650 0 _aMultimedia systems
650 0 _aOptical data processing
700 1 _aBergman, Lawrence D.,
_d1953-
_4edt
700 1 _aCastelli, Vittorio
_4edt
856 4 0 _uhttp://www3.interscience.wiley.com/cgi-bin/booktoc?ID=93512733
942 _2ddc
_cBK
999 _c191448
_d191448